Statistics for Islands of Russia larger than 1,000 km2 on a Map

Click here to take the quiz!

General Stats

  • This quiz has been taken 264 times
  • The average score is 8 of 30

Answers on the Map

Answers color-coded by a green-red scale on the quiz's map according to % correct below.
 

Answer Stats

AIsland% Correct
72,493Sakhalin
93%
47,079Severny
62%
14,204October Revolution
58%
33,246Yuzhny
58%
11,206Bolshevik
54%
7,866Wrangel
46%
24,000Kotelny
38%
8,812Komsomolets
31%
6,201New Siberia
25%
3,497Kolguyev
23%
1,557Graham Bell
19%
3,329Vaygach
19%
1,660Bering
18%
2,821Zemlya Georga
18%
1,095Alexandra
17%
5,157Great Lyakhovsky
16%
2,203Wilczek Land
16%
1,527Pioneer
15%
3,139Iturup
14%
1,325Maly Lyakhovsky
14%
1,810Bely
13%
1,766Bolshoy Shantar
13%
1,490Kunashir
11%
1,450Urup
10%
2,000Ayon
9%
1,049Gallya
9%
1,764Bolshoy Begichev
8%
2,404Karaginsky
8%
2,053Paramushir
8%
1,197Oleniy
7%

Score Distribution

Percentile by Number Answered

Percent of People with Each Score

Your Score History

You have not taken this quiz